| 000 | 01178nam a22003857a 4500 | ||
|---|---|---|---|
| 001 | 0021420 | ||
| 003 | KOHA_MİRAKIL | ||
| 005 | 20260207002318.0 | ||
| 007 | ta | ||
| 008 | 100817b2002 tu |||gr||||#||||0|tur | | ||
| 020 | _a9758243241 | ||
| 040 |
_aTR-BiSEU _btur _cTR-BiSEU _erda |
||
| 041 | 0 | _atur | |
| 044 | _ctu | ||
| 050 |
_aHD30.3 _b.J36 2002 |
||
| 100 | 1 | _aJandt, Fred E.. | |
| 245 | 1 |
_aYönetim sorunlarına etkili çözümler/ _cFred E. Jandt ; Fred E. Jandt ; çev. Levent Akın, Vedat G. Diker. |
|
| 264 | 1 |
_aİstanbul : _bHayat Yayıncılık _c2002 |
|
| 300 | _a159 s.; 22 cm. | ||
| 336 |
_ametin _btxt _2rdacontent |
||
| 337 |
_aaracısız _bn _2rdamedia |
||
| 338 |
_acilt _bnc _2rdacarrier |
||
| 490 | 1 |
_aHayat Yayıncılık Yayın ; _vNo. |
|
| 490 | 1 | _a25. | |
| 490 | 1 |
_aÇanta Kitapları Dizisi ; _v1 |
|
| 500 | _aKaynakça var. | ||
| 650 | 0 |
_aYönetim. _93705 |
|
| 650 | 0 |
_aYönetim--iletişim. _945581 |
|
| 650 | 0 |
_aManagement. _94546 |
|
| 650 | 0 |
_aAdministration--contact. _945582 |
|
| 830 | 1 |
_aHayat Yayıncılık Yayın ; _vNo. _945583 |
|
| 830 | 1 |
_a25. _913257 |
|
| 830 | 1 |
_aÇanta Kitapları Dizisi ; _v1 _945584 |
|
| 942 |
_2lcc _cBK |
||
| 999 |
_c21376 _d21376 |
||